Cawson's essentials of oral pathology and oral medicine / (Record no. 22471)
[ view plain ]
| 000 -LEADER | |
|---|---|
| fixed length control field | 01268 am a22003615a 4500 |
| 001 - CONTROL NUMBER | |
| control field | ocn123962922 |
| 003 - CONTROL NUMBER IDENTIFIER | |
| control field | OSt |
| 005 - DATE AND TIME OF LATEST TRANSACTION | |
| control field | 20161127132808.0 |
| 008 - FIXED-LENGTH DATA ELEMENTS--GENERAL INFORMATION | |
| fixed length control field | 070426r20152008stka frb 001 0 eng d |
| 020 ## - INTERNATIONAL STANDARD BOOK NUMBER | |
| International Standard Book Number | 9780443103650 |
| 020 ## - INTERNATIONAL STANDARD BOOK NUMBER | |
| International Standard Book Number | 0443103658 |
| 040 ## - CATALOGING SOURCE | |
| Original cataloging agency | DNLM/DLC |
| Language of cataloging | eng |
| Transcribing agency | DLC |
| Modifying agency | NLM |
| -- | BTCTA |
| -- | UKM |
| -- | BAKER |
| -- | BWKUK |
| -- | EG-ScBUE |
| -- | EG-ScBUE |
| 082 04 - DEWEY DECIMAL CLASSIFICATION NUMBER | |
| Classification number | 617.6 |
| Item number | CAW |
| Edition number | 22 |
| 100 1# - MAIN ENTRY--PERSONAL NAME | |
| Personal name | Cawson, R. A. |
| 9 (RLIN) | 41358 |
| 245 10 - TITLE STATEMENT | |
| Title | Cawson's essentials of oral pathology and oral medicine / |
| Statement of responsibility, etc | R. A. Cawson and E. W. Odell. |
| 246 30 - VARYING FORM OF TITLE | |
| Title proper/short title | Essentials of oral pathology and oral medicine |
| 246 30 - VARYING FORM OF TITLE | |
| Title proper/short title | Oral pathology and oral medicine |
| 250 ## - EDITION STATEMENT | |
| Edition statement | 8th ed., International and Reprinted ed. |
| 260 ## - PUBLICATION, DISTRIBUTION, ETC. (IMPRINT) | |
| Place of publication, distribution, etc | Edinburgh ; |
| -- | New York : |
| Name of publisher, distributor, etc | Churchill Livingstone, |
| Date of publication, distribution, etc | 2015. |
| 300 ## - PHYSICAL DESCRIPTION | |
| Extent | xv, 468 p. : |
| Other physical details | ill. ; |
| Dimensions | 28 cm. |
| 500 ## - GENERAL NOTE | |
| General note | Index : p. 457-468. |
| 500 ## - GENERAL NOTE | |
| General note | Reprint of the 2008 ed.<br/> |
| 504 ## - BIBLIOGRAPHY, ETC. NOTE | |
| Bibliography, etc | Includes bibliographical references. |
| 650 #7 - SUBJECT ADDED ENTRY--TOPICAL TERM | |
| Topical term or geographic name as entry element | Mouth |
| General subdivision | Diseases. |
| Source of heading or term | BUEsh |
| 9 (RLIN) | 41359 |
| 650 #7 - SUBJECT ADDED ENTRY--TOPICAL TERM | |
| Topical term or geographic name as entry element | Oral manifestations of general diseases. |
| Source of heading or term | BUEsh |
| 9 (RLIN) | 38973 |
| 650 #7 - SUBJECT ADDED ENTRY--TOPICAL TERM | |
| Topical term or geographic name as entry element | Mouth |
| General subdivision | Surgery. |
| Source of heading or term | BUEsh |
| 9 (RLIN) | 36856 |
| 650 #7 - SUBJECT ADDED ENTRY--TOPICAL TERM | |
| Topical term or geographic name as entry element | Dentistry. |
| Source of heading or term | BUEsh |
| 9 (RLIN) | 39515 |
| 651 ## - SUBJECT ADDED ENTRY--GEOGRAPHIC NAME | |
| Source of heading or term | BUEsh |
| 653 ## - INDEX TERM--UNCONTROLLED | |
| Resource For college | Pharmacy |
| Arrived date list | October2016 |
| -- | November2016 |
| 655 ## - INDEX TERM--GENRE/FORM | |
| Form subdivision | Text book |
| -- | 33728 |
| 700 1# - ADDED ENTRY--PERSONAL NAME | |
| Personal name | Odell, E. W. |
| 942 ## - ADDED ENTRY ELEMENTS (KOHA) | |
| Source of classification or shelving scheme | Dewey Decimal Classification |
| Withdrawn status | Item status | Source of classification or shelving scheme | Damaged status | Not for loan | Vendor | Home library | Current library | Shelving location | Date acquired | Source of acquisition | Cost, normal purchase price | Total Checkouts | Total Renewals | Full call number | Barcode | Date last seen | Date last borrowed | Koha item type | Serial Enumeration / chronology | Cost, replacement price |
|---|---|---|---|---|---|---|---|---|---|---|---|---|---|---|---|---|---|---|---|---|
| Dewey Decimal Classification | Baccah | Central Library | Central Library | First floor | 09/10/2016 | Purchase | 390.00 | 2 | 4 | 617.6 CAW | 000033904 | 15/07/2025 | 11/11/2018 | Book - Borrowing | ||||||
| Dewey Decimal Classification | Baccah | Central Library | Central Library | First floor | 09/10/2016 | Purchase | 390.00 | 1 | 22 | 617.6 CAW | 000033905 | 15/07/2025 | 22/10/2018 | Book - Borrowing | ||||||
| Dewey Decimal Classification | Baccah | Central Library | Central Library | First floor | 24/10/2016 | Purchase | 617.6 CAW | 000034414 | 15/07/2025 | NB - Book (Non borrowing) | ||||||||||
| Dewey Decimal Classification | Baccah | Central Library | Central Library | First floor | 24/10/2016 | Purchase | 2 | 3 | 617.6 CAW | 000034415 | 15/07/2025 | 11/11/2018 | Book - Borrowing | |||||||
| Dewey Decimal Classification | Baccah | Central Library | Central Library | First floor | 24/10/2016 | Purchase | 1 | 9 | 617.6 CAW | 000034416 | 15/07/2025 | 23/09/2018 | Book - Borrowing | |||||||
| Dewey Decimal Classification | Baccah | Central Library | Central Library | First floor | 24/10/2016 | Purchase | 1 | 617.6 CAW | 000034417 | 15/07/2025 | 14/11/2018 | Book - Borrowing | ||||||||
| Dewey Decimal Classification | Baccah | Central Library | Central Library | First floor | 24/10/2016 | Purchase | 3 | 32 | 617.6 CAW | 000034418 | 15/07/2025 | 14/11/2018 | Book - Borrowing | |||||||
| Dewey Decimal Classification | Baccah | Central Library | Central Library | First floor | 24/10/2016 | Purchase | 2 | 8 | 617.6 CAW | 000034419 | 15/07/2025 | 04/12/2018 | Book - Borrowing | |||||||
| Dewey Decimal Classification | Baccah | Central Library | Central Library | First floor | 27/11/2016 | Purchase | 400.00 | 2 | 12 | 617.6 CAW | 000040095 | 15/07/2025 | 01/06/2023 | Book - Borrowing | 25138 | 500.00 | ||||
| Dewey Decimal Classification | Central Library | Central Library | First floor | 21/05/2018 | 1 | 617.6 CAW | 000047805 | 15/07/2025 | 14/11/2018 | Book - Borrowing |